000
00317nam a22001337a 4500
008
170721b xxu||||| |||| 00| 0 eng d
020
_a
9781555704025
041
_a
eng
080
_a
004
100
_a
29
101
_a
SHKI
245
_a
FOUNDATIONS OF LIBRARY AND INFORMATION SCIENCE
_c
RUBIN, R.E
942
_2
udc
_c
BK
999
_c
21769
_d
21769